000 00840nam a22002055i 4500
001 159201
003 ES-MaACL
005 20240511063040.0
008 040908s1890 sp |||| | spa d
040 _aCAM
_bspa
_cCAM
100 1 _aMaura y Montaner, Antonio,
_d1853-1925
_979224
245 1 0 _aDiscurso y rectificaciones del diputado D. Antonio Maura en la discusión de totalidad del presupuesto de gastos de Marina, sesiones de 13, 14, 16 y 19 de mayo de 1890.
260 _a[Madrid :
_bs.n. 1890?] (
_fImprenta de los Hijos de J.A. Garcia)
300 _a37 p. ;
_c32 cm.
500 _aDatos tomados de la primera p. de texto.
500 _aPrecede al tit: Documento parlamentario.
597 _aTexto a dos col.
852 _aES-MaACL
_jT-501-F-5
_z-- Enc. hol.
_z-- Enc. en un vol. facticio
999 _c159201
_d159201